| 000 | 01006ncm a2200241 i 4500 | ||
|---|---|---|---|
| 001 | 175423 | ||
| 003 | ES-MaACL | ||
| 005 | 20250823102626.0 | ||
| 007 | qu | ||
| 008 | 101027s2003 sp ||| |||||||| |dspa d | ||
| 080 | _a786.2 | ||
| 100 | 1 |
_aFaxas García, Carlos. _9143743 |
|
| 245 | 1 | 0 |
_aRetratos de Guanabacoa [ _hMúsica impresa] _b: serie para piano, op. 57 / _cCarlos Faxas García. |
| 260 |
_aMadrid : _b[s. n.], _c2003 ( _fGrafinat) |
||
| 300 |
_a1 partitura (21, [3] p.) : _bmús. ; _c30 cm. |
||
| 500 | _aVocabulario. | ||
| 505 | 8 |
_aContiene: ; _tLa negrita pianista ; _tLa costurera ; _tLa viuda ; _tMaría Moñito ; _tLa viejita Mercedes ; _tLa divorciada ; _tLa guajira ; _tLa copiona ; _tUna vendedora ; _tLa hija de --, de --, de --, ; _tLa querindanga ; _tLa del fotingo ; _tEpílogo |
|
| 650 | 0 | 7 |
_aMúsica para piano _2embne _915415 |
| 650 | 0 | 4 |
_aPartituras. _915877 |
| 852 |
_aES-MaACL _j2281-F-26 _z. - Dedicatoria autógrafa del autor |
||
| 942 | _2udc | ||
| 999 |
_c175423 _d175423 |
||